| 000 | 00561cam a2200181 a 4500 | ||
|---|---|---|---|
| 020 | _a1847370756 | ||
| 020 | _a9781847370754 | ||
| 082 |
_a923.25491 _bBHU _cN-01,P-146 |
||
| 100 | 1 |
_aBhutto, Benazir, _94819 |
|
| 245 | 1 | 0 |
_aDaughter of the East : _ban autobiography / _cBenazir Bhutto. |
| 260 |
_aLondon ; _aNew York : _bSimon & Schuster, _c2007. |
||
| 300 |
_axx, 442 p. : _bill. ; _c25 cm. |
||
| 500 | _aIncludes index. | ||
| 526 |
_a0 _b0 _c0 _d923_254910000000000_BHU |
||
| 650 | 0 |
_aNUST _96342 |
|
| 650 | 0 |
_aPrime ministers _zPakistan _946395 |
|
| 942 |
_2ddc _cBK |
||
| 999 |
_c549742 _d549742 |
||